000 00540nam a2200181Ia 4500
003 GCL
008 140319s9999 xx 000 0 eng d
040 _aGCL /
_cGCL
082 0 4 _aCC
_b932.017
_bC S
100 1 _aTHE CURATORS OF THE MUSEUM
245 1 0 _aA SHORT DESCRIPTION OF THE OBJECTS FROM THE TOMB OF TUT ANK AMUN /
_cTHE CURATORS OF THE MUSEUM
260 _a[S.N] :
_bIMPRIMERIE DE L'INSTITUT FRANCAIS ،
_c1927
300 _a45 P
650 0 4 _aTUTANCHAMON
650 0 4 _aANCIENT EGYPT
650 0 4 _aEGYPTOLOGY
942 _2ddc
_cBK
999 _c10817
_d10817